El Islam / (Record no. 172039)

MARC details
000 -LEADER
campo de control de longitud fija 00750nam a22002415i 4500
001 - NÚMERO DE CONTROL
campo de control 172039
003 - IDENTIFICADOR DE NÚMERO DE CONTROL
campo de control ES-MaACL
005 - FECHA Y HORA DE LA ÚLTIMA TRANSACCIÓN
campo de control 20250815164347.0
008 - DATOS DE LONGITUD FIJA--INFORMACIÓN GENERAL
campo de control de longitud fija 090612s1953 sp |||| | spa d
080 ## - NÚMERO DE LA CLASIFICACIÓN DECIMAL UNIVERSAL
Número de la Clasificación Decimal Universal 930.85(100):297
100 1# - ENTRADA PRINCIPAL--NOMBRE DE PERSONA
Nombre de persona Sourdel, Dominique.
9 (RLIN) 107571
245 13 - MENCIÓN DEL TÍTULO
Título El Islam /
Mención de responsabilidad, etc. Dominique Sourdel ; versión española de María de Arellano.
250 ## - MENCION DE EDICION
Mención de edición [1ª ed. española].
260 ## - PUBLICACIÓN, DISTRIBUCIÓN, ETC.
Lugar de publicación, distribución, etc. Barcelona :
Nombre del editor, distribuidor, etc. Salvat,
Fecha de publicación, distribución, etc. 1953.
300 ## - DESCRIPCIÓN FÍSICA
Extensión VIII, 159 p. ;
Dimensiones 17 cm.
490 1# - MENCIÓN DE SERIE
Mención de serie Colección surco
650 17 - PUNTO DE ACCESO ADICIONAL DE MATERIA--TÉRMINO DE MATERIA
Término de materia o nombre geográfico como elemento de entrada Islamismo
Fuente del encabezamiento o término embne
9 (RLIN) 13903
650 04 - PUNTO DE ACCESO ADICIONAL DE MATERIA--TÉRMINO DE MATERIA
Término de materia o nombre geográfico como elemento de entrada Civilización musulmana.
9 (RLIN) 11099
700 1# - ENTRADA AGREGADA--NOMBRE PERSONAL
Nombre de persona Arellano, María.
9 (RLIN) 140643
830 0# - PUNTO DE ACCESO ADICIONAL DE SERIE-TÍTULO UNIFORME
Título uniforme Colección surco
9 (RLIN) 223240
852 ## - LOCALIZACIÓN
Ubicación ES-MaACL
Número de control de estantería C-7433
itemnumber R.35020
Holdings
Estatus retirado Estado de pérdida Estado de daño No para préstamo Biblioteca de origen Biblioteca actual Ubicación en estantería Fecha de adquisición Fuente de adquisición Total de préstamos Signatura topográfica completa Código de barras Visto por última vez Precio de reemplazo Tipo de ítem Koha
        Biblioteca del Ateneo de Madrid Biblioteca del Ateneo de Madrid Sala Palomar 12/06/2009     C-7433 1180544 23/02/2023 23/02/2023 Libro impreso